|
|
|
|
| LEADER |
01310nab#a2200373#ar4500 |
| 001 |
000000466 |
| 003 |
SVKKK |
| 005 |
00000000000000.0 |
| 008 |
c xo e engo |
| FMT |
|
|
|
| 038 |
|
|
|a SVKKK
|
| 040 |
|
|
|a SVKKK
|b slo
|e AACR2
|
| 041 |
0 |
|
|a eng
|b eng
|
| 044 |
|
|
|a xo
|c SK
|
| 080 |
|
|
|a 551.762.
|2 1981
|
| 080 |
|
|
|a 564.8(234.372.3
|2 1981
|
| 100 |
1 |
|
|a Uchman, Alfred
|4 aut
|
| 242 |
1 |
0 |
|a Poznámky ku stratigrafii a paleobiogeografii brachiopod v Hierlatzskej spodnej jure typu vápencových fácií: Chočská jednotka, Centrálne Západné Karpaty
|
| 245 |
1 |
0 |
|a Remarks on the stratigraphy and brachiopod palaeobiogeography in the Lower Jurassic Hierlatz type limestone facies; the Choč Unit, Central Western Carpathians
|c Uchman Alfred, Tchoumatchenco Platon
|
| 300 |
|
|
|b Fotogr. 24, obr. 3,
|
| 504 |
|
|
|a Res. angl., lit. 68 zázn. v angl., fre., nem.
|
| 650 |
0 |
4 |
|a brachiopoda
|z Chočská jednotka
|
| 650 |
0 |
4 |
|a spodná jura
|x stratigrafia
|x paleobiogeografia
|x štúdie
|
| 700 |
1 |
|
|a Tchoumatchenco, Platon
|4 aut
|
| 773 |
0 |
|
|t Geologica Carpathica
|x 0016-7738
|g Roč. 45, č. 4(1994), dát. august, s. 195-202
|
| 958 |
|
|
|a MS
|
| 958 |
|
|
|a NB
|
| 958 |
|
|
|a NP
|
| 958 |
|
|
|a PL
|
| 974 |
|
|
|d 941221
|a 244
|
| 992 |
|
|
|a RBX
|
| BAS |
|
|
|
| 852 |
|
|
|a SVKKK
|b BIB
|
| 998 |
|
|
|a GEO
|